| 000 | 00353 a2200157 4500 | ||
|---|---|---|---|
| 001 | 160245 | ||
| 020 | _a | ||
| 040 | _cMagnum | ||
| 100 | _aCarvalho, Ana Cecilia | ||
| 240 | 1 | 0 |
_aPolicarpo o inseto desclassificado _lpor |
| 245 | 1 | 0 | _aPolicarpo o inseto desclassificado |
| 362 | 0 | _a1899 | |
| 440 | 1 | _aFormato | |
| 697 | _aIJ/ANIMAIS | ||
| 942 | _cBK | ||
| 999 |
_c160245 _d160245 |
||